Central Library and Information Centre
Sibsagar Girls' College, Sivasagar : Assam

SAHITYA SAMIKHYA (Record no. 322)

MARC details
000 -LEADER
fixed length control field 00420cam a2200181ua 4500
008 - FIXED-LENGTH DATA ELEMENTS--GENERAL INFORMATION
fixed length control field 161219n1963 II |||gr||||Z||||||asm
040 ## - CATALOGING SOURCE
Original cataloging agency MAIN
041 ## - LANGUAGE CODE
-- English
082 ## - DEWEY DECIMAL CLASSIFICATION NUMBER
Classification number 891.451 NEO
100 ## - MAIN ENTRY--PERSONAL NAME
Personal name NEOG , MAHESWAR.,
Relator term EDITOR.
245 ## - TITLE STATEMENT
Title SAHITYA SAMIKHYA
250 ## - EDITION STATEMENT
Edition statement 1ST.
260 ## - PUBLICATION, DISTRIBUTION, ETC.
Place of publication, distribution, etc. JORHAT
Name of publisher, distributor, etc. AXOM SAHITYA SABHA
Date of publication, distribution, etc. 1963
300 ## - PHYSICAL DESCRIPTION
Extent 232:
Dimensions 20CM.
942 ## - ADDED ENTRY ELEMENTS (KOHA)
Koha item type Books
653 ## - INDEX TERM--UNCONTROLLED
Uncontrolled term ASSAMESE LITERATURE
Holdings
Withdrawn status Lost status Damaged status Not for loan Collection code Home library Current library Shelving location Date acquired Full call number Barcode Date last seen Copy number Price effective from Koha item type Public note Source of classification or shelving scheme
        TBENG Central Library and Information Centre Sibsagar Girls College Central Library and Information Centre Sibsagar Girls College ENGLISH BOOK RACK 19.04.1967 891.451 NEO 00386 27.02.2020 1 27.02.2020 Books V  
        TBASM Central Library and Information Centre Sibsagar Girls College Central Library and Information Centre Sibsagar Girls College BBLMC 15.06.2023 891.451 NEO 48034 15.06.2023   15.06.2023 Books Donated by Biren Borkotoky Family Dewey Decimal Classification


Sibsagar Girl's College © 2020. All rights reserved.
Powered by Koha.
Maintained by Abhijit Borpuzari.